|
|
|
|
| LEADER |
00000nam a2200000 i 4500 |
| 001 |
ELB79710 |
| 003 |
FlNmELB |
| 005 |
20200804140644 |
| 006 |
m o d | |
| 007 |
cr cnu|||||||| |
| 008 |
200721s2013 uy ob 000 0 spa d |
| 020 |
|
|
|z 9789974010185
|
| 035 |
|
|
|a (OCoLC)1183834564
|
| 040 |
|
|
|a FINmELB
|b spa
|e rda
|c FINmELB
|
| 043 |
|
|
|a s-uy---
|
| 050 |
0 |
0 |
|a HC235.P6
|b M35 2013
|
| 080 |
|
|
|a 364.662(899)
|
| 082 |
0 |
0 |
|a 339.4/609895
|2 23
|
| 100 |
1 |
|
|a Martinis, Pablo,
|e autor.
|
| 245 |
1 |
0 |
|a Educación, pobreza y seguridad en el Uruguay de la década de los noventa /
|c Pablo Martinis.
|
| 264 |
|
1 |
|a Montevideo, Uruguay :
|b Universidad de la República, CSIC,
|c [2013]
|
| 300 |
|
|
|a 1 recurso en línea (229 páginas, 3 páginas sin numerar)
|
| 336 |
|
|
|a texto
|b txt
|2 rdacontent/spa
|
| 337 |
|
|
|a computadora
|b c
|2 rdamedia/spa
|
| 338 |
|
|
|a recurso en línea
|b cr
|2 rdacarrier/spa
|
| 490 |
1 |
|
|a Biblioteca plural
|
| 504 |
|
|
|a Incluye referencias bibliográficas (páginas 223-231).
|
| 588 |
|
|
|a Descripción basada en metadatos suministrados por el editor y otras fuentes.
|
| 590 |
|
|
|a Recurso electrónico. Santa Fe, Arg.: elibro, 2020. Disponible vía World Wide Web. El acceso puede estar limitado para las bibliotecas afiliadas a elibro.
|
| 650 |
|
4 |
|a Pobreza
|z Uruguay.
|
| 650 |
|
4 |
|a Pobre
|z Uruguay
|x Condiciones sociales.
|
| 650 |
|
4 |
|a Educación
|z Uruguay.
|
| 650 |
|
4 |
|a Seguridad interna
|z Uruguay.
|
| 650 |
|
0 |
|a Poverty
|z Uruguay.
|
| 650 |
|
0 |
|a Poor
|z Uruguay
|x Social conditions.
|
| 650 |
|
0 |
|a Education
|z Uruguay.
|
| 650 |
|
0 |
|a Internal security
|z Uruguay.
|
| 655 |
|
4 |
|a Libros electrónicos.
|
| 710 |
2 |
|
|a Universidad de la República (Uruguay).
|b Comisión Sectorial de Investigación Científica,
|e issuing body.
|
| 797 |
2 |
|
|a elibro, Corp.
|
| 830 |
|
0 |
|a Colección "Biblioteca plural" de la Universidad de la República.
|
| 856 |
4 |
0 |
|u https://elibro.uam.elogim.com/ereader/bidiuam/79710
|z Texto completo
|
| 950 |
|
|
|a eLibro Ciencias Sociales
|
| 950 |
|
|
|a eLibro Cátedra Espańa
|
| 950 |
|
|
|a eLibro Cátedra
|
| 950 |
|
|
|a eLibro Educación
|